Statistics for Disney PIXAR Brave Characters

Click here to take the quiz!

General Stats

  • This quiz has been taken 177 times
  • The average score is 4 of 13

Answer Stats

HintAnswer% Correct
The girl who has messy, orange hair and love archeryMerida
100%
The husband of the aboveKing Fergus
41%
The mother of the aboveQueen Elinor
41%
The big lord with two ponytailsLord MacGuffin
37%
The skinny lord with messy, brown hair and a blue tattoo on his faceLord Macintosh
37%
The short lord with white hair and a mustacheLord Dingwall
32%
The crafty old woman who casts the spell on the queenThe Witch
29%
The castle's maid, who hates the tripletsMaudie
28%
The prince who won the archery contestWee Dingwall
28%
The son of Lord MacGuffinYoung MacGuffin
20%
The son of Lord MacintoshYoung Macintosh
20%
The other guard who John RatzenbergerGordon the Guard
7%
The skinny guard of the skinny castle who is constantly falling asleepMartin the Guard
7%

Score Distribution

Percentile by Number Answered

Percent of People with Each Score

Your Score History

You have not taken this quiz